[Event "Panchenko Memorial-B 2021"]
[Site "Chelyabinsk"]
[Date "2021.09.19"]
[Round "7.3"]
[White "Lysenko, Margarita"]
[Black "Nurgali, Nazerke"]
[Result "1/2-1/2"]
[WhiteElo "2207"]
[BlackElo "2247"]
[Annotator "TA"]
[PlyCount "182"]
[EventDate "2021.09.13"]
[EventType "swiss"]
[EventCountry "RUS"]
[SourceTitle "playchess.com"]
[Source "ChessBase"]
[SourceQuality "1"]

{[%evp 17,182,27,19,21,48,41,66,26,41,41,38,38,33,27,27,39,32,41,41,21,25,25,17,26,22,14,54,54,54,46,54,45,52,62,58,58,70,65,117,108,112,94,99,80,110,67,81,88,88,80,81,74,74,66,81,28,102,45,126,66,72,0,132,41,41,0,75,55,104,25,34,0,50,56,58,0,61,25,114,0,56,0,123,138,130,0,51,60,75,0,247,179,182,181,179,189,177,89,210,226,302,185,376,367,447,445,440,424,382,244,239,244,208,88,145,45,51,54,81,27,43,60,61,0,0,0,11,11,11,11,11,11,11,11,11,11,11,4,4,4,4,0,0,0,0,0,0,0,0,0,0,0,0,0,4,0,0,0,11,11,11,11,11,0,-28000,-28000,-28000]} 1. d4 d5 2. c4 e6 3. Nc3 Be7 4. cxd5 exd5 5. Bf4 Nf6 6. e3 O-O 7. Bd3 c5 8. Nge2 Nc6 9. dxc5 Bxc5 10. O-O {D35: Queen's Gambit Declined: Exchange Variation.} h6 11. Rc1 Qe7 {[#]} 12. Na4 $146 {White is slightly better.} ({Predecessor:} 12. Bb1 Rd8 13. Nb5 Bg4 14. h3 Bxe2 15. Qxe2 a6 16. Qc2 Bb6 17. Nc3 d4 18. exd4 Nxd4 {0-1 (43) Collier,D (2225)-Brown,S (2310) England 1996}) 12... Bd6 13. Bxd6 Qxd6 14. h3 Rd8 15. Bb5 Ne5 16. Nd4 Ne4 17. Nc3 a6 18. Be2 b5 19. f4 Nxc3 20. Rxc3 Nc4 21. Qc1 Bb7 22. b3 b4 23. Rc2 Na3 24. Rc7 Rac8 25. Rxc8 Rxc8 26. Qd2 Qc5 27. Bd3 Nb5 (27... Qc3 $14 28. Qe2 Re8) 28. Bxb5 $16 axb5 29. Rd1 Rc7 30. Kf2 g6 31. Qe2 Bc8 32. Rd2 (32. Nxb5 $6 Ba6 $11) 32... Bd7 33. Rc2 Qb6 34. Qd2 Rxc2 35. Qxc2 Qa7 36. Kg3 ({White should play} 36. g4 $16) 36... Kg7 (36... Bf5 $11 37. Nxf5 gxf5) 37. Kh2 (37. Qd2 $16) 37... h5 (37... Bf5 $14 38. Qe2 (38. Nxf5+ gxf5 39. Qd2 Qc5 $11) 38... Qa6) 38. Kg3 (38. Qd2 $1 $16) 38... Kg8 $14 39. Kh2 (39. Kf2 $142) 39... Kg7 $16 40. Qc1 (40. Qd2 $1 $16) 40... Kg8 41. Qe1 Qc5 (41... Qxa2 $11 {keeps the balance.} 42. Qh4 Qa8) 42. Qh4 {Threatens to win with Qd8+.} Bf5 43. Qd8+ (43. Nxf5 $16 gxf5 44. Qxh5) 43... Kg7 $1 $11 44. Qe8 Bd3 45. Qe5+ Kg8 $1 46. Qe8+ Kg7 $1 47. Nf3 {And now Ne5! would win.} Bf5 (47... Qc7 $11) 48. Nd4 ({White should try} 48. Qe5+ $1 $16 f6 49. Qe8) 48... Bd3 $14 49. Nf3 (49. Qc6 $14 Qe7 50. Qb6) 49... Bf5 $16 50. Qe5+ $1 Kg8 51. Nd4 (51. Ng5 $1 $16) 51... Bd3 $14 52. Qb8+ Kg7 53. Qe8 (53. Qb7 $1 $16 {Strongly threatening Ne6+.} Kg8 54. Qb8+ Qf8 55. Qxf8+ Kxf8 56. Nc6) 53... Bf1 $2 (53... Be4 $1 $11 {and Black has nothing to worry.}) 54. Qe5+ Kg8 55. f5 $1 $36 {[%mdl 2048] Keeping Black busy.} Bd3 56. f6 Qc8 57. Qf4 ({Worse is} 57. Qxd5 Qc7+ 58. Kh1 Qc1+ 59. Kh2 Qc7+ 60. g3 Qc1 $11) (57. h4 $18) 57... Kh7 (57... Be4 $16) 58. Nf3 $1 $18 Bf5 59. Qd6 {aiming for Ng5+.} Be6 $2 (59... Kg8 {was worth a try.} 60. Kg3 (60. Qxd5 Qc7+ 61. Kh1 Qc1+ 62. Ng1 Qa1 $16) 60... Qa8 61. Qxb4 Qxa2 62. Qxb5 Qa8) 60. Qxb4 Qc7+ 61. Qf4 Qxf4+ 62. exf4 {[%mdl 4096] Endgame Ng5+ is the strong threat. KB-KN} b4 63. Nd4 Bf5 64. Kg3 Bb1 {[#]} 65. Kh4 (65. Nf3 $1 $18 {and White stays clearly on top.}) 65... Bxa2 (65... Kh6 $142) 66. g4 (66. Kg5 $16) 66... hxg4 $14 67. hxg4 Kg8 {[#]} 68. Kg5 (68. Kg3 $1 $16) 68... Kh7 69. f5 gxf5 70. Kxf5 ({Better is} 70. gxf5 $14 Bb1 71. Kf4) 70... Bb1+ $11 71. Kf4 Bd3 72. g5 Bb1 73. Nc6 Bc2 74. Nxb4 Bxb3 75. Nc6 d4 76. Nxd4 Ba2 77. Nf3 {White wants to play Ne5.} Kg6 78. Kg4 {Threatening Ne5+.} Be6+ 79. Kf4 Ba2 80. Nh4+ Kh5 81. Nf5 (81. g6 {with more complications.} fxg6) 81... Bb3 82. Nd4 Ba2 83. Ne2 Bb3 84. Ng3+ Kh4 85. Ne4 Kh5 86. Ke5 Bc2 87. Nd6 Bb3 88. Kf4 Ba2 89. Ne8 Bb3 90. Ke5 $2 {[%mdl 8192]} (90. Nc7 $11) 90... Kxg5 91. Nd6 Kg6 {[%mdl 32768] Never resign too early!  Weighted Error Value: White=0.26/Black=0.29. An unexpected result.} 1/2-1/2

[Event "Panchenko Memorial-B 2021"]
[Site "Chelyabinsk"]
[Date "2021.09.19"]
[Round "7.4"]
[White "Rakhmangulova, Anastasiya"]
[Black "Zhapova, Yana"]
[Result "0-1"]
[WhiteElo "2177"]
[BlackElo "2212"]
[Annotator "TA"]
[PlyCount "90"]
[EventDate "2021.09.13"]
[EventType "swiss"]
[EventCountry "RUS"]
[SourceTitle "playchess.com"]
[Source "ChessBase"]
[SourceQuality "1"]

{[%evp 14,90,0,-30,0,-46,-26,-78,-77,-109,-120,-114,-140,-113,-118,-92,-55,-78,-70,-56,-55,-60,-93,-38,-16,-18,-17,-19,-16,-31,-23,-85,-84,-86,-91,-86,-93,-114,-109,-121,-121,-119,-125,-156,-179,-182,-166,-168,-177,-215,-165,-267,-258,-287,-233,-284,-285,-279,-276,-424,-422,-610,-277,-422,-401,-361,-257,-1592,-1492,-29970,-29970,-29979,-29980,-29980,-29981,-29981,-29981,-29975,-29976]} 1. e4 c6 2. d4 d5 3. exd5 cxd5 4. c4 Nf6 5. Nc3 Nc6 6. Nf3 g6 7. c5 Bg7 8. Bb5 O-O {B14: Caro-Kann: Panov-Botvinnik Attack with 5...e6 and 5...g6.} 9. Bxc6 bxc6 10. O-O {[#]} (10. Ne5 $11 {remains equal.}) 10... Bg4 $1 $17 {Black is better.} 11. Re1 {[#]} Re8 $146 ({Predecessor:} 11... Nd7 12. Bg5 f6 13. Bh4 g5 14. Bg3 e5 15. dxe5 Nxe5 16. Nxe5 Bxd1 17. Nxc6 Re8 18. Rexd1 {0-1 (45) Unuk,L (2363)-Milliet,S (2377) Heraklion 2017}) 12. b4 Nd7 13. Bg5 Nf8 14. Rb1 Qd7 15. b5 Ne6 16. bxc6 Qxc6 17. Ne5 Bxe5 18. Qxg4 Bg7 {And now ...f5 would win.} (18... Bxd4 {is more complex.} 19. Rxe6 Qxc5 20. Ne2 Bxf2+ 21. Kf1 Qc8) 19. Be3 $1 Rad8 20. Ne2 $1 Qa4 21. Rbc1 h5 22. Qf3 (22. Qg3 $11 {keeps the balance.}) 22... Bxd4 {Black continues to play with concentration.} 23. Nxd4 Nxd4 24. Bxd4 Qxd4 25. Qa3 Rd7 26. Red1 Qe5 27. Re1 Qf6 28. Qa5 Rc8 29. Qd2 Rc6 30. Re3 e6 31. Rb3 Rdc7 32. Qh6 (32. Rbc3 $142) 32... Rc8 $19 33. g3 Qe7 34. Rb5 a6 35. Rb6 Rxc5 36. Rxc5 (36. Re1 {keeps fighting.}) 36... Qxc5 37. Rxa6 {[%mdl 4096] Endgame KQR-KQR} (37. Rb3 $142 e5 38. Qe3) 37... Qc4 (37... Qb4 $142 38. Ra7 Qe1+ 39. Kg2 Qe4+ 40. Kh3 Qh1) 38. Ra7 (38. Rb6 $142) 38... e5 {Threatens to win with ...Rb8.} 39. Qg5 Qe4 40. Rd7 $2 (40. Qe3) 40... d4 41. h4 Rb8 {Black mates.} 42. Kh2 {[#]} Qf3 $1 43. Rd8+ Rxd8 44. Qxd8+ Kg7 45. Kg1 d3 {Weighted Error Value: White=0.54/Black=0.18} 0-1

[Event "Panchenko Memorial-B 2021"]
[Site "Chelyabinsk"]
[Date "2021.09.19"]
[Round "7.5"]
[White "Shamsutdinova, Karina"]
[Black "Bodnaruk, Anastasia"]
[Result "0-1"]
[WhiteElo "1862"]
[BlackElo "2425"]
[Annotator "TA"]
[PlyCount "117"]
[EventDate "2021.09.13"]
[EventType "swiss"]
[EventCountry "RUS"]
[SourceTitle "playchess.com"]
[Source "ChessBase"]
[SourceQuality "1"]

{[%evp 12,117,28,37,50,37,41,29,41,13,74,8,14,-70,0,0,0,0,0,-9,-8,-52,-31,-78,0,0,0,0,1,-9,20,6,71,37,43,31,29,22,102,93,72,98,97,97,189,31,147,-20,-14,-21,1,0,25,0,0,0,28,-29,0,-55,-45,-59,-63,-60,-66,-83,-58,-91,-90,-97,-78,-143,-123,-124,-134,-312,-271,-457,-469,-487,-481,-4043,-3797,-1925,-1869,-12837,-12837,-12833,-12835,-12836,-12836,-12836,-12834,-4935,-1832,-1729,-605,-12848,-12838,-12835,-5632,-1591,-1637,-12844,-12844,-12850,-12850,-27988]} 1. d4 Nf6 2. c4 g6 3. Nc3 Bg7 4. e4 d6 5. h3 O-O 6. Be3 c6 7. Nf3 Na6 {E90: King's Indian: Classical: Early deviations and 6 h3.} 8. Be2 e5 9. d5 Nh5 {White has an edge.} 10. g3 f5 {[#]} (10... cxd5 $11 11. Qxd5 (11. Nxd5 Nf6 $11) (11. exd5 Bd7 $11) (11. cxd5 f5 $11) 11... Nf6) 11. Bg5 $146 (11. dxc6 $16 bxc6 12. exf5) ({Predecessor:} 11. exf5 gxf5 12. Bg5 Nf6 13. Qd2 c5 14. a3 Qe8 15. Nh4 Bd7 16. Qc2 e4 17. Nd1 {0-1 (40) Studer,N (2546)-Yilmaz,M (2604) Moscow 2019}) 11... Nf6 $11 12. Qd2 (12. exf5 $11 Bxf5 13. dxc6) 12... cxd5 (12... fxe4 $15 13. Bxf6 Bxf6 14. Nxe4 Nc5) 13. Bxf6 (13. Nxd5 fxe4 14. Nh4 Be6 $17) 13... Qxf6 14. Nxd5 Qd8 15. exf5 Bxf5 {next ...Be4 is good for Black.} 16. Nh4 Be6 17. Bg4 Bf7 (17... Bxg4 $17 18. hxg4 Nc5) 18. O-O Nc5 19. Rad1 e4 20. Be2 Be5 21. Ng2 Re8 (21... Bxd5 $11 {keeps the balance.} 22. Qxd5+ Kh8) 22. Nde3 h5 23. Nd5 Ne6 24. Nc3 Ng5 (24... Nd4 $11) 25. h4 $16 Nf3+ 26. Bxf3 exf3 27. Ne3 g5 {[#]} (27... Qa5 $16) 28. Nf5 $2 (28. Ne4 $1 $18) 28... gxh4 (28... Qf6 $1 $14 29. Nxd6 Bxd6 30. Qxd6 (30. hxg5 $2 Qf5 $19) 30... Qxd6 31. Rxd6 Bxc4) 29. Nxd6 $2 (29. Nxh4 $16 {Strongly threatening Qd3.} Bxc4 30. Rfe1) 29... Bxd6 $11 30. Qxd6 Qg5 31. Nd5 {Threatens to win with Nf6+.} Rad8 32. Qf4 (32. Nf6+ {is more complex.} Kh8 33. Ne4 Rxd6 34. Nxg5 Rf6 35. b3) 32... Qxf4 33. gxf4 {And now Nf6+ would win.} Kg7 34. Kh2 ({Better is} 34. Ne3) 34... Re2 $36 {[%mdl 2048] White is under pressure.} (34... Re4 $5 {[%cal Re4c4]} 35. b3 Be6 $15) 35. Rd3 (35. Kh3 $11) 35... Rxb2 $15 36. Rxf3 Rxa2 37. Rg1+ Kf8 38. Kh3 Rc2 39. Ne3 Rc3 40. Kxh4 a5 41. Ra1 {[#]} ({Only move:} 41. Rfg3) 41... Ra8 $1 $17 ({And not} 41... Bxc4 42. Rxa5 b5 43. Rg3 $11) 42. Rg3 a4 ({But not} 42... Bxc4 43. Rg5 $15) 43. Nf5 $2 {This costs White the game.} (43. Rg5 $17) 43... Rxc4 $19 44. Nd6 $2 (44. Rf3) 44... Rxf4+ {[%mdl 64] Double Attack. Black is clearly winning.} 45. Kg5 Rxf2 46. Nxb7 (46. Rga3 $142 Rg2+ 47. Kf4) 46... Ra6 {( -> ...Rg6+)} 47. Kh4 Rh2+ 48. Rh3 Rxh3+ 49. Kxh3 {[%mdl 4096] Endgame KRB-KRN} a3 {[%cal Ba4a3,Ba3a2][%mdl 32]} 50. Nc5 Rc6 51. Nd7+ Ke7 52. Ne5 Rc3+ (52... Rc5 $142 53. Nxf7 Rc3+ 54. Kh4 Kxf7) 53. Kh4 Be6 (53... Kf6 $142 54. Nd7+ Ke6 55. Nc5+ Rxc5 56. Rxa3 Rc4+ 57. Kh3 Ke5 58. Ra5+ Kf6) 54. Kxh5 a2 55. Ng6+ Kd6 56. Nf4 Bc4 57. Kg5 Rb3 58. Ne2 Rb1 59. Rxa2 {Weighted Error Value: White=0.64/Black=0.22} 0-1

[Event "Panchenko Memorial-B 2021"]
[Site "Chelyabinsk"]
[Date "2021.09.19"]
[Round "8.1"]
[White "Zhapova, Yana"]
[Black "Kovanova, Baira"]
[Result "0-1"]
[WhiteElo "2212"]
[BlackElo "2310"]
[Annotator "NA"]
[PlyCount "102"]
[EventDate "2021.09.13"]
[EventType "swiss"]
[EventCountry "RUS"]
[SourceTitle "playchess.com"]
[Source "ChessBase"]
[SourceQuality "1"]
[TimeControl "5400+30"]

1. e4 {[%emt 0:00:04]} e5 {[%emt 0:00:04]} 2. Nf3 {[%emt 0:00:09]} Nc6 {[%emt 0:00:04]} 3. Nc3 {[%emt 0:00:11]} Nf6 {[%emt 0:00:06]} 4. Bb5 {[%emt 0:00:13]} Bd6 {[%emt 0:00:07]} 5. d3 {[%emt 0:00:21]} O-O {[%emt 0:00:06]} 6. O-O {[%emt 0:02:05]} a6 {[%emt 0:00:55]} 7. Ba4 {[%emt 0:00:22]} h6 {[%emt 0:01:29]} 8. Ne2 {[%emt 0:02:58]} b5 {[%emt 0:01:35]} 9. Bb3 {[%emt 0:00:17]} Re8 {[%emt 0:03:57]} 10. c3 {[%emt 0:01:25]} Bf8 {[%emt 0:01:45]} 11. Ng3 {[%emt 0:00:31]} d5 {[%emt 0:04:26]} 12. Qe2 {[%emt 0:04:09]} Be6 {[%emt 0:03:36]} 13. Rd1 {[%emt 0:00:41]} Qd7 {[%emt 0:08:13]} 14. h3 {[%emt 0:02:58]} Rad8 {[%emt 0:01:51]} 15. Bd2 {[%emt 0:09:27]} Qc8 {[%emt 0:03:05]} 16. Nh4 {[%emt 0:01:35]} Na5 {[%emt 0:05:31]} 17. Bc2 {[%emt 0:10:36]} dxe4 {[%emt 0:02:42]} 18. dxe4 {[%emt 0:00:53]} Nc4 {[%emt 0:03:28]} 19. Bc1 {[%emt 0:01:39]} Bxh3 $14 {[%emt 0:16:11]} 20. Rxd8 {[%emt 0:15:29]} Rxd8 {[%emt 0:00:16]} 21. gxh3 {[%emt 0:00:06]} Qxh3 {[%emt 0:00:13]} 22. Nhf5 {[%emt 0:00:48]} Ng4 {[%emt 0:05:20]} 23. b4 {[%emt 0:03:49]} a5 {[%emt 0:17:28]} 24. Rb1 {[%emt 0:03:06]} axb4 {[%emt 0:00:33]} 25. cxb4 {[%emt 0:00:07]} Qh2+ {[%emt 0:06:16]} 26. Kf1 {[%emt 0:00:10]} Qh3+ {[%emt 0:00:06]} 27. Ke1 {[%emt 0:01:20]} Nh2 {[%emt 0:00:48]} 28. Ne3 {[%emt 0:05:44]} Nxe3 {[%emt 0:02:21]} 29. Bxe3 {[%emt 0:00:27]} Qg2 {[%emt 0:02:50]} 30. Bd3 {[%emt 0:03:44]} h5 {[%emt 0:01:34]} 31. Kd1 {[%emt 0:03:07]} h4 {[%emt 0:00:46]} 32. Nf5 {[%emt 0:00:34]} Qxe4 {[%emt 0:00:48]} 33. Kc2 {[%emt 0:01:31]} Qc6+ {[%emt 0:01:52]} 34. Kb2 {[%emt 0:00:24]} e4 {[%emt 0:00:45]} 35. Nd4 {[%emt 0:04:30]} Rxd4 {[%emt 0:04:09]} 36. Bxd4 {[%emt 0:00:17]} exd3 {[%emt 0:00:02]} 37. Qxd3 {[%emt 0:00:59]} Nf3 {[%emt 0:00:05]} 38. Bc3 {[%emt 0:02:31]} h3 {[%emt 0:00:13]} 39. Qf1 {[%emt 0:03:08]} Qe6 {[%emt 0:01:12]} 40. Rd1 {[%emt 0:00:52]} Bd6 {[%emt 0:01:52]} 41. Rd3 {[%emt 0:00:57]} Qg4 {[%emt 0:01:08]} 42. Qh1 {[%emt 0:00:25]} Qg2 {[%emt 0:00:20]} 43. Rd1 {[%emt 0:02:58]} Qxh1 {[%emt 0:00:22]} 44. Rxh1 {[%emt 0:00:04]} h2 {[%emt 0:00:21]} 45. Kc2 {[%emt 0:00:22]} g5 {[%emt 0:00:19]} 46. Bf6 {[%emt 0:01:24]} Kh7 {[%emt 0:00:36]} 47. Kd3 {[%emt 0:00:43]} Kg6 {[%emt 0:00:02]} 48. Bc3 {[%emt 0:01:39]} Kh5 {[%emt 0:01:29]} 49. Ke4 {[%emt 0:00:26]} Kg4 {[%emt 0:00:07]} 50. a3 {[%emt 0:01:48]} Bf4 {[%emt 0:00:33]} 51. Bf6 {[%emt 0:01:13]} Nd2+ {[%emt 0:00:05]} 0-1

[Event "Panchenko Memorial-B 2021"]
[Site "Chelyabinsk"]
[Date "2021.09.19"]
[Round "8.2"]
[White "Bodnaruk, Anastasia"]
[Black "Charochkina, Daria"]
[Result "0-1"]
[WhiteElo "2425"]
[BlackElo "2307"]
[Annotator "NA"]
[PlyCount "102"]
[EventDate "2021.09.13"]
[EventType "swiss"]
[EventCountry "RUS"]
[SourceTitle "playchess.com"]
[Source "ChessBase"]
[SourceQuality "1"]
[TimeControl "5400+30"]

1. e4 {[%emt 0:00:03]} d6 {[%emt 0:03:11]} 2. d4 {[%emt 0:00:06]} Nf6 {[%emt 0:00:19]} 3. Nc3 {[%emt 0:00:06]} g6 {[%emt 0:00:05]} 4. Be3 {[%emt 0:01:25]} a6 {[%emt 0:00:03]} 5. h3 {[%emt 0:03:09]} Bg7 {[%emt 0:05:07]} 6. f4 {[%emt 0:03:43]} O-O {[%emt 0:04:27]} 7. e5 {[%emt 0:06:01]} Nfd7 {[%emt 0:09:31]} 8. Nf3 {[%emt 0:15:59]} c5 {[%emt 0:01:56]} 9. dxc5 {[%emt 0:06:43]} dxe5 {[%emt 0:01:37]} 10. fxe5 {[%emt 0:00:04]} Nxe5 {[%emt 0:13:05]} 11. Nxe5 {[%emt 0:01:04]} Bxe5 {[%emt 0:00:07]} 12. Qxd8 {[%emt 0:01:46]} Rxd8 {[%emt 0:03:16]} 13. Bc4 $11 {[%emt 0:04:01]} Bg3+ {[%emt 0:02:06]} 14. Ke2 {[%emt 0:04:08]} Bf5 {[%emt 0:00:29]} 15. Nd5 {[%emt 0:19:42]} Nc6 {[%emt 0:00:17]} 16. c3 {[%emt 0:02:10]} Be4 {[%emt 0:03:48]} 17. Nb6 {[%emt 0:02:00]} Rab8 {[%emt 0:00:45]} 18. Rhd1 {[%emt 0:03:07]} Ne5 {[%emt 0:01:17]} 19. Bd5 {[%emt 0:00:42]} Bf5 {[%emt 0:09:21]} 20. Rd4 {[%emt 0:07:33]} e6 {[%emt 0:14:09]} 21. Bxb7 {[%emt 0:00:45]} Rxd4 {[%emt 0:00:14]} 22. cxd4 {[%emt 0:00:02]} Rxb7 {[%emt 0:00:08]} 23. dxe5 {[%emt 0:00:04]} Bxe5 {[%emt 0:00:16]} 24. Kf3 {[%emt 0:05:33]} Bd3 {[%emt 0:04:08]} 25. a4 {[%emt 0:04:35]} f5 {[%emt 0:00:25]} 26. Rd1 {[%emt 0:02:58]} Be4+ {[%emt 0:00:02]} 27. Kf2 {[%emt 0:00:07]} Bxb2 {[%emt 0:00:53]} 28. Rd8+ {[%emt 0:03:14]} Kg7 {[%emt 0:04:59]} 29. Rd6 {[%emt 0:00:34]} Kf7 {[%emt 0:04:17]} 30. c6 {[%emt 0:00:59]} Rc7 {[%emt 0:00:28]} 31. Rd7+ {[%emt 0:02:51]} Rxd7 {[%emt 0:00:05]} 32. cxd7 {[%emt 0:00:01]} Bf6 {[%emt 0:00:09]} 33. Bc5 {[%emt 0:01:05]} Be7 {[%emt 0:04:08]} 34. Kf1 {[%emt 0:00:38]} e5 {[%emt 0:03:15]} 35. Bd6 {[%emt 0:00:29]} Bd8 {[%emt 0:01:32]} 36. a5 {[%emt 0:00:29]} Ke6 {[%emt 0:00:20]} 37. Bb8 {[%emt 0:00:18]} Bc6 {[%emt 0:00:53]} 38. Kf2 {[%emt 0:00:20]} e4 {[%emt 0:02:14]} 39. Ke3 {[%emt 0:00:25]} Bxd7 {[%emt 0:00:27]} 40. g3 {[%emt 0:00:56]} Bb5 {[%emt 0:00:40]} 41. h4 {[%emt 0:00:28]} Be7 {[%emt 0:00:54]} 42. Bf4 {[%emt 0:00:26]} Bc5+ {[%emt 0:00:23]} 43. Kd2 {[%emt 0:00:02]} Bb4+ {[%emt 0:00:03]} 44. Ke3 {[%emt 0:01:01]} Bxa5 {[%emt 0:00:02]} 45. Nc8 {[%emt 0:00:05]} Bb4 {[%emt 0:01:52]} 46. Kd4 {[%emt 0:00:06]} Be1 {[%emt 0:01:04]} 47. Nd6 {[%emt 0:01:19]} Bf2+ {[%emt 0:00:31]} 48. Kc3 {[%emt 0:00:01]} Bf1 {[%emt 0:00:44]} 49. Ne8 {[%emt 0:01:02]} e3 {[%emt 0:00:51]} 50. Nc7+ {[%emt 0:00:19]} Kf7 {[%emt 0:00:26]} 51. Nd5 {[%emt 0:00:34]} e2 {[%emt 0:00:33]} 0-1

[Event "Panchenko Memorial-B 2021"]
[Site "Chelyabinsk"]
[Date "2021.09.19"]
[Round "8.3"]
[White "Serikbay, Assel"]
[Black "Goltseva, Ekaterina"]
[Result "0-1"]
[WhiteElo "2221"]
[BlackElo "2286"]
[Annotator "NA"]
[PlyCount "104"]
[EventDate "2021.09.13"]
[EventType "swiss"]
[EventCountry "RUS"]
[SourceTitle "playchess.com"]
[Source "ChessBase"]
[SourceQuality "1"]
[TimeControl "5400+30"]

1. e4 {[%emt 0:00:04]} e5 {[%emt 0:03:56]} 2. Nf3 {[%emt 0:00:07]} Nc6 {[%emt 0:00:04]} 3. Bb5 {[%emt 0:00:07]} a6 {[%emt 0:00:04]} 4. Ba4 {[%emt 0:00:05]} Nf6 {[%emt 0:00:06]} 5. O-O {[%emt 0:00:08]} Be7 {[%emt 0:00:14]} 6. Re1 {[%emt 0:00:08]} b5 {[%emt 0:00:09]} 7. Bb3 {[%emt 0:00:07]} d6 {[%emt 0:00:18]} 8. c3 {[%emt 0:00:07]} O-O {[%emt 0:00:12]} 9. h3 {[%emt 0:00:06]} Nd7 {[%emt 0:00:29]} 10. d4 {[%emt 0:00:09]} Bf6 {[%emt 0:00:14]} 11. d5 {[%emt 0:00:34]} Ne7 {[%emt 0:01:00]} 12. Nbd2 {[%emt 0:00:31]} g6 {[%emt 0:03:27]} 13. Nf1 {[%emt 0:01:15]} Bg7 {[%emt 0:00:07]} 14. Bc2 {[%emt 0:01:31]} Nb6 {[%emt 0:03:02]} 15. Ng3 {[%emt 0:06:33]} Bd7 {[%emt 0:06:08]} 16. Rb1 {[%emt 0:10:04]} Kh8 {[%emt 0:14:50]} 17. h4 {[%emt 0:15:04]} Bg4 $11 {[%emt 0:04:52]} 18. Qd3 {[%emt 0:02:26]} Ng8 {[%emt 0:15:32]} 19. b3 {[%emt 0:06:55]} Bh6 {[%emt 0:08:56]} 20. Bb2 {[%emt 0:08:45]} Bxf3 {[%emt 0:03:15]} 21. gxf3 {[%emt 0:01:43]} Nf6 {[%emt 0:00:51]} 22. c4 {[%emt 0:01:26]} bxc4 {[%emt 0:04:48]} 23. bxc4 {[%emt 0:00:08]} Nbd7 {[%emt 0:00:14]} 24. Kf1 {[%emt 0:02:29]} Nh5 {[%emt 0:04:13]} 25. Nxh5 {[%emt 0:00:09]} gxh5 {[%emt 0:00:03]} 26. Ke2 {[%emt 0:02:17]} Rg8 {[%emt 0:01:09]} 27. Rh1 {[%emt 0:07:44]} Nf8 {[%emt 0:03:00]} 28. f4 {[%emt 0:08:40]} Ng6 {[%emt 0:01:11]} 29. Qf3 {[%emt 0:01:48]} Nxf4+ {[%emt 0:02:08]} 30. Kd1 {[%emt 0:01:07]} Rg4 {[%emt 0:01:09]} 31. Ba4 {[%emt 0:01:17]} Qe7 {[%emt 0:07:03]} 32. Kc2 {[%emt 0:00:23]} Ng6 {[%emt 0:01:07]} 33. Qe2 {[%emt 0:06:57]} Nxh4 {[%emt 0:01:00]} 34. Bc3 {[%emt 0:00:49]} Qf6 {[%emt 0:01:59]} 35. Rb7 {[%emt 0:01:47]} Rg2 {[%emt 0:01:28]} 36. Kb3 {[%emt 0:00:24]} Rxf2 {[%emt 0:02:31]} 37. Qxh5 {[%emt 0:00:10]} Bg5 {[%emt 0:00:31]} 38. Bd7 {[%emt 0:02:09]} h6 {[%emt 0:00:50]} 39. Bg4 {[%emt 0:05:24]} Nf3 {[%emt 0:03:43]} 40. Rxc7 {[%emt 0:02:26]} Rb8+ {[%emt 0:03:28]} 41. Ka3 {[%emt 0:00:02]} Kg7 {[%emt 0:00:36]} 42. Be6 {[%emt 0:01:58]} Rf8 {[%emt 0:00:02]} 43. Bb4 {[%emt 0:04:41]} Nd4 {[%emt 0:00:47]} 44. Bxd6 {[%emt 0:00:09]} Nxe6 {[%emt 0:00:41]} 45. dxe6 {[%emt 0:00:14]} Qxe6 {[%emt 0:00:13]} 46. Bxf8+ {[%emt 0:00:08]} Kxf8 {[%emt 0:00:02]} 47. Qd1 {[%emt 0:01:56]} Qb6 {[%emt 0:01:14]} 48. Rc8+ {[%emt 0:00:30]} Kg7 {[%emt 0:00:03]} 49. Rh3 {[%emt 0:00:45]} Rd2 {[%emt 0:01:26]} 50. Qf3 {[%emt 0:00:30]} Qa5+ {[%emt 0:00:27]} 51. Kb3 {[%emt 0:00:05]} Qxa2+ {[%emt 0:00:04]} 52. Kb4 {[%emt 0:00:08]} Be7+ {[%emt 0:00:19]} 0-1

[Event "Panchenko Memorial-B 2021"]
[Site "Chelyabinsk"]
[Date "2021.09.19"]
[Round "8.4"]
[White "Yakimova, Mariya"]
[Black "Nurgali, Nazerke"]
[Result "0-1"]
[WhiteElo "2185"]
[BlackElo "2247"]
[Annotator "NA"]
[PlyCount "90"]
[EventDate "2021.09.13"]
[EventType "swiss"]
[EventCountry "RUS"]
[SourceTitle "playchess.com"]
[Source "ChessBase"]
[SourceQuality "1"]
[TimeControl "5400+30"]

1. d4 {[%emt 0:00:03]} Nf6 {[%emt 0:00:08]} 2. c4 {[%emt 0:00:04]} e6 {[%emt 0:00:10]} 3. g3 {[%emt 0:00:04]} d5 {[%emt 0:00:43]} 4. Nf3 {[%emt 0:00:08]} Be7 {[%emt 0:00:15]} 5. Bg2 {[%emt 0:00:08]} O-O {[%emt 0:00:19]} 6. O-O {[%emt 0:00:06]} b6 {[%emt 0:00:25]} 7. cxd5 {[%emt 0:00:05]} exd5 {[%emt 0:00:13]} 8. Nc3 {[%emt 0:00:06]} Bb7 {[%emt 0:00:10]} 9. Bf4 {[%emt 0:00:10]} c5 {[%emt 0:00:24]} 10. Rc1 {[%emt 0:02:25]} Na6 {[%emt 0:00:21]} 11. Qc2 {[%emt 0:07:25]} Nc7 {[%emt 0:06:47]} 12. dxc5 {[%emt 0:13:00]} bxc5 {[%emt 0:00:59]} 13. Qb3 {[%emt 0:02:21]} Rb8 {[%emt 0:07:12]} 14. Nb5 {[%emt 0:07:52]} Nfe8 {[%emt 0:00:06]} 15. Nxc7 $14 {[%emt 0:07:11]} Nxc7 {[%emt 0:00:06]} 16. Nd4 {[%emt 0:00:47]} Bd6 {[%emt 0:07:25]} 17. Bxd6 {[%emt 0:00:50]} Qxd6 {[%emt 0:00:04]} 18. Nf5 {[%emt 0:06:46]} Qe5 {[%emt 0:08:42]} 19. Rxc5 {[%emt 0:06:55]} Na6 {[%emt 0:01:35]} 20. Rb5 {[%emt 0:04:41]} Qxf5 {[%emt 0:00:43]} 21. Rxb7 {[%emt 0:00:16]} Nc5 {[%emt 0:00:12]} 22. Rxb8 {[%emt 0:00:09]} Nxb3 {[%emt 0:00:03]} 23. Rxb3 {[%emt 0:00:14]} d4 {[%emt 0:02:26]} 24. Bf3 {[%emt 0:08:22]} Qc2 {[%emt 0:04:07]} 25. Kg2 {[%emt 0:00:20]} g6 {[%emt 0:00:35]} 26. h4 {[%emt 0:00:41]} h5 {[%emt 0:02:54]} 27. Ra3 {[%emt 0:03:58]} Qxb2 {[%emt 0:36:20]} 28. Rxa7 {[%emt 0:00:37]} Qc2 {[%emt 0:00:54]} 29. a4 {[%emt 0:07:35]} Rd8 {[%emt 0:00:40]} 30. Re1 {[%emt 0:05:15]} Qc5 {[%emt 0:02:46]} 31. Rb7 {[%emt 0:00:59]} Qa5 {[%emt 0:01:08]} 32. Ra1 {[%emt 0:01:28]} d3 {[%emt 0:00:26]} 33. exd3 {[%emt 0:02:00]} Rxd3 {[%emt 0:00:04]} 34. Rbb1 {[%emt 0:04:01]} Qf5 {[%emt 0:02:34]} 35. Bb7 {[%emt 0:01:31]} Rd2 {[%emt 0:00:31]} 36. Rf1 {[%emt 0:00:35]} Rb2 {[%emt 0:01:37]} 37. Bf3 {[%emt 0:00:24]} g5 {[%emt 0:01:14]} 38. Ra3 {[%emt 0:07:03]} gxh4 {[%emt 0:02:25]} 39. gxh4 {[%emt 0:00:34]} Rb4 {[%emt 0:00:27]} 40. Rg1 {[%emt 0:01:25]} Qg6+ {[%emt 0:02:20]} 41. Bg4 {[%emt 0:01:11]} Rxg4+ {[%emt 0:00:11]} 42. Rg3 {[%emt 0:00:02]} Qc6+ {[%emt 0:03:35]} 43. Kh3 {[%emt 0:01:28]} f5 {[%emt 0:00:06]} 44. Ra1 {[%emt 0:00:33]} Kf7 {[%emt 0:01:54]} 45. a5 {[%emt 0:00:06]} Qe4 {[%emt 0:01:23]} 0-1